| 000 | 01360nam a22002897a 4500 | ||
|---|---|---|---|
| 003 | OSt | ||
| 005 | 20230516083651.0 | ||
| 008 | 230516b |||||||| |||| 00| 0 eng d | ||
| 040 | _cLado V | ||
| 082 |
_2708 _aK82f |
||
| 100 |
_9826 _aKontova, Helena _eeditora |
||
| 245 | _aFlashArt/ | ||
| 260 |
_aAustralia _aAustria _aBelgica _aCanada _aFrancia _aAlemania _aGran Bretaña _aHolanda _aItalia _aEspaña _aIrlanda _bGEA POLITI _c2005 |
||
| 300 |
_a152p. _c20.5x27.5cm |
||
| 490 |
_a243 _vXXXVIII _x0394-1493 |
||
| 505 |
_aFlash Art News _t51 Venice Biennale Dreams and Nightmares Aperto San Francisco New York, New York London Eye Italian Landscape New York Tales Replay Prague Biennale 2: In images 51 Venice Biennale: In images |
||
| 505 |
_aFeatures _tWilhelm Sasnal There are no Rules Hans Schabus John Currin Latin America Now Teresa Margolles Almost Brothers |
||
| 505 |
_aSpotlight _tReykjavik Arts Festival 2005 |
||
| 505 |
_aOuverture _tScoli Acosta |
||
| 505 |
_aGlobal Art _tNathan Coley |
||
| 505 | _aFlash Art Reviews | ||
| 650 |
_2Tesauro de Arte & Arquitectura _aCATALOGO |
||
| 650 |
_2Tesauro de Arte & Arquitectura _aREVISTA |
||
| 650 |
_2Tesauro de Arte & Arquitectura _aARTE INTERNACIONAL |
||
| 650 |
_2Tesauro de Arte & Arquitectura _aCRITICA |
||
| 942 |
_2ddc _c1 _h708 _iK82f _n0 |
||
| 999 |
_c3556 _d3556 |
||